Statistics for Countries Multiple Choice

Click here to take the quiz!

General Stats

  • This quiz has been taken 16 times
  • The average score is 9 of 15

Answer Stats

QuestionAnswer% Correct
Which of the following countries is an island country?Madagascar
100%
What is the largest country in the world?Russia
92%
What is the island country in the Middle East?Bahrain
85%
Which country has the longest coastline?Canada
77%
What is the most populated country?India
77%
What is the FOURTH largest country in Oceania?Solomon Islands
69%
Which country has the highest GDP?United States
69%
What country is the most densely populated?Monaco
62%
Which country has the SECOND best military?Russia
54%
Which country has the most islands?Sweden
54%
Which 2 countries not recognized by the UN does JetPunk recognize?Taiwan and Kosovo
54%
Which 2 countries share a border on an island?Indonesia and Malaysia
38%
What country has the most administrative divisions?Philippines
23%
What country has the longest name? (full name)United Kingdom
23%
What is the largest island country?Indonesia
15%

Score Distribution

Percentile by Number Answered

Percent of People with Each Score

Your Score History

You have not taken this quiz